من مكتبة اعجاز القرآن الكريم : (رقم التسجيلة. 121062)

تفاصيل مارك
000 -الفاتح
عناصر البيانات ثابتة الطول 00806cam a2200193 i 4500
005 - تاريخ ووقت آخر معاملة
حقل ضبط 20251120114520.0
008 - عناصر البيانات ثابتة الطول
عناصر البيانات ثابتة الطول 250721s2010 jo gr 000 0 ara d
082 14 - رقم تصنيف ديوي العشري
رقم التصنيف 211.03
رقم المادة ب ه ج
100 1# - مدخل رئيسي – اسم شخصي
الاسم الشخصي بهجت، مجاهد مصطفى
علاقة الشخص بالعمل/ دوره مؤلف.
245 10 - بيان العنوان
العنوان من مكتبة اعجاز القرآن الكريم :
بقية العنوان فهرسة وصفية للكتب الحديثة في الاعجاز اللغوي والبياني /
بيان المسؤولية الاستاذ الدكتور مجاهد مصطفى بهجت.
250 ## - بيان الطبعة
بيان الطبعة الطبعة الأولى.
264 31 - بيانات النشر، التوزيع…إلخ
مكان النشر، التوزيع...إلخ عمان :
اسم الناشر، الموزع...إلخ دار عمار للنشر،
تاريخ النشر، التوزيع...إلخ 2010.
300 ## - الوصف المادي
عدد الوحدات المكونة للوعاء 296 صفحة.
650 17 - مدخل إضافي بالموضوع - مصطلح موضوعي
مصطلح موضوعي أو اسم جغرافي كعنصر مدخل إعجاز القرآن.
650 17 - مدخل إضافي بالموضوع - مصطلح موضوعي
مصطلح موضوعي أو اسم جغرافي كعنصر مدخل الإعجاز البلاغي.
650 17 - مدخل إضافي بالموضوع - مصطلح موضوعي
مصطلح موضوعي أو اسم جغرافي كعنصر مدخل الفهرسة الوصفية.
942 ## - بيانات إضافية (كوها)
نوع التنصيف Dewey Decimal Classification
نوع المادة (كوها) كتب
المقتنيات
حالة السحب حالة الفقدان مصدر التصنيف حالة التلف غير قابل للإعارة المكتبة الرئيسية المكتبة الحالية موقع الرف تاريخ التزويد الرقم المتسلسل Total Checkouts رقم الإستدعاء الباركود تاريخ آخر ظهور تاريخ الفاتورة نوع المادة (كوها)
    Dewey Decimal Classification     المكتبة المركزية المكتبة المركزية الإعارة 28/07/2025 1383397   211.03 / ب ه ج PLD00159794 28/07/2025 28/07/2025 كتب
    Dewey Decimal Classification     مكتبة أبو علندا العامة مكتبة أبو علندا العامة الإعارة 29/08/2010 1383399   211.03/بهج PLD00160165 28/07/2025 29/08/2010 كتب
    Dewey Decimal Classification     مكتبة الأميرة ايمان العامة مكتبة الأميرة ايمان العامة الإعارة 29/08/2010 1383400   211.03/بهج PLD00160166 28/07/2025 29/08/2010 كتب
Implemented & Customized by: BBB with SCIT (Smart Chains for Information Technology)

Powered by Koha